Kinetic theory in the expanding universe / (Record no. 6484)

MARC details
000 -LEADER
fixed length control field 01258cam a2200337 a 4500
001 - CONTROL NUMBER
control field 3854566
003 - CONTROL NUMBER IDENTIFIER
control field OSt
005 - DATE AND TIME OF LATEST TRANSACTION
control field 20200128105447.0
008 - FIXED-LENGTH DATA ELEMENTS--GENERAL INFORMATION
fixed length control field 880201s1988 enka b 001 0 eng
010 ## - LIBRARY OF CONGRESS CONTROL NUMBER
LC control number 88004250
020 ## - INTERNATIONAL STANDARD BOOK NUMBER
International Standard Book Number 0521360501
040 ## - CATALOGING SOURCE
Original cataloging agency DLC
Transcribing agency DLC
Modifying agency DLC
082 00 - DEWEY DECIMAL CLASSIFICATION NUMBER
Classification number 523.18
Edition number 19
Item number BER 1988
100 1# - MAIN ENTRY--PERSONAL NAME
Personal name Bernstein, Jeremy,
Dates associated with a name 1929-
9 (RLIN) 13327
245 10 - TITLE STATEMENT
Title Kinetic theory in the expanding universe /
Statement of responsibility, etc. Jeremy Bernstein.
260 ## - PUBLICATION, DISTRIBUTION, ETC. (IMPRINT)
Place of publication, distribution, etc. Cambridge ;
-- New York :
Name of publisher, distributor, etc. Cambridge University Press,
Date of publication, distribution, etc. 1988.
300 ## - PHYSICAL DESCRIPTION
Extent viii, 149 p. :
Other physical details ill. ;
Dimensions 24 cm.
440 #0 - SERIES STATEMENT/ADDED ENTRY--TITLE
Title Cambridge monographs on mathematical physics
9 (RLIN) 13328
500 ## - GENERAL NOTE
General note Includes index.
504 ## - BIBLIOGRAPHY, ETC. NOTE
Bibliography, etc Bibliography: p. [145].
650 #0 - SUBJECT ADDED ENTRY--TOPICAL TERM
Topical term or geographic name as entry element Expanding universe.
9 (RLIN) 13329
650 #0 - SUBJECT ADDED ENTRY--TOPICAL TERM
Topical term or geographic name as entry element Kinetic theory of matter.
9 (RLIN) 13330
650 #0 - SUBJECT ADDED ENTRY--TOPICAL TERM
Topical term or geographic name as entry element Transport theory.
9 (RLIN) 13331
650 #0 - SUBJECT ADDED ENTRY--TOPICAL TERM
Topical term or geographic name as entry element General relativity (Physics)
9 (RLIN) 7986
650 #0 - SUBJECT ADDED ENTRY--TOPICAL TERM
Topical term or geographic name as entry element Astrophysics.
9 (RLIN) 7955
856 41 - ELECTRONIC LOCATION AND ACCESS
Materials specified Table of contents
Uniform Resource Identifier <a href="http://www.loc.gov/catdir/toc/cam041/88004250.html">http://www.loc.gov/catdir/toc/cam041/88004250.html</a>
856 41 - ELECTRONIC LOCATION AND ACCESS
Materials specified Sample text
Uniform Resource Identifier <a href="http://www.loc.gov/catdir/samples/cam031/88004250.html">http://www.loc.gov/catdir/samples/cam031/88004250.html</a>
856 42 - ELECTRONIC LOCATION AND ACCESS
Materials specified Publisher description
Uniform Resource Identifier <a href="http://www.loc.gov/catdir/description/cam023/88004250.html">http://www.loc.gov/catdir/description/cam023/88004250.html</a>
906 ## - LOCAL DATA ELEMENT F, LDF (RLIN)
a 7
b cbc
c orignew
d 1
e ocip
f 19
g y-gencatlg
942 ## - ADDED ENTRY ELEMENTS (KOHA)
Source of classification or shelving scheme Dewey Decimal Classification
Koha item type Open Shelf
Holdings
Withdrawn status Lost status Source of classification or shelving scheme Damaged status Not for loan Home library Current library Date acquired Source of acquisition Inventory number Total Checkouts Full call number Barcode Date last seen Price effective from Koha item type
    Dewey Decimal Classification     MUST Main Library MUST Main Library 28/01/2020 Purchase 2005/24846   523.18 BER 1988 2020-0148 28/01/2020 28/01/2020 Open Shelf
    Dewey Decimal Classification     MUST Main Library MUST Main Library 09/04/2021 purchase 04/22675   523.18 BER 1988 2021-0376 09/04/2021 09/04/2021 Open Shelf
    Dewey Decimal Classification     MUST Main Library MUST Main Library 09/04/2021 purchase 05/24845   523.18 BER 1988 2021-0377 09/04/2021 09/04/2021 Open Shelf